[Event "Rated Blitz game"]
[Site "?"]
[Date "2021.05.04"]
[Round "?"]
[White "xamax2000"]
[Black "Jomajo"]
[Result "1-0"]
[WhiteElo "2745"]
[BlackElo "2644"]
[PlyCount "65"]
[EventDate "2021.??.??"]
[EventType "blitz"]

1. e4 e5 2. Nf3 d5 3. exd5 e4 4. Qe2 Qe7 5. Nd4 Nf6 6. d3 exd3 7. Qxe7+ Bxe7 8.
Bxd3 Nxd5 9. O-O O-O 10. Be4 Nf6 11. Bf3 c6 12. Re1 Bc5 13. Be3 Nbd7 14. Nd2
Ne5 15. Nxc6 Bxe3 16. Ne7+ Kh8 17. Rxe3 Nxf3+ 18. Nxf3 Bg4 19. Ne5 Be6 20. Rf3
Rad8 21. Nf5 Bxf5 22. Rxf5 Rd2 23. Rc1 Rc8 24. g4 h6 25. Nxf7+ Kh7 26. g5 hxg5
27. Nxg5+ Kg6 28. Rb5 Rcxc2 29. Rxc2 Rxc2 30. Ne6 b6 31. f3 Rd2 32. a4 Nd5 33.
Rxd5 {Normal} 1-0

[Event "Rated Blitz tournament UZTAiZvR"]
[Site "?"]
[Date "2021.05.04"]
[Round "?"]
[White "elos63"]
[Black "Lorian2514"]
[Result "0-1"]
[WhiteElo "2304"]
[BlackElo "2433"]
[PlyCount "86"]
[EventDate "2021.??.??"]
[EventType "blitz"]

1. e4 e5 2. Nf3 d5 3. Nxe5 Bd6 4. d4 dxe4 5. Bc4 Bxe5 6. Qh5 Qe7 7. dxe5 g6 8.
Qg5 f6 9. exf6 Nxf6 10. O-O Nc6 11. Nc3 Be6 12. Bb5 Kf7 13. Be3 h6 14. Qc5 Qxc5
15. Bxc5 a6 16. Bxc6 bxc6 17. Rfe1 Bd5 18. b3 Rhe8 19. Nd1 Nd7 20. Be3 c5 21.
c4 Bc6 22. Bxh6 a5 23. Nc3 a4 24. bxa4 Nf6 25. Bg5 Nh7 26. Bf4 Nf6 27. Bxc7
Bxa4 28. Bd6 Bc2 29. Bxc5 Rac8 30. Bd4 Rxc4 31. Bxf6 Kxf6 32. Nd5+ Ke5 33. Ne3
Rcc8 34. a4 Bd3 35. a5 Ra8 36. f3 exf3 37. Nc4+ Kd4 38. Rxe8 Rxe8 39. Nb6 Ba6
40. gxf3 Re2 41. Nd7 Ke3 42. Nb8 Bb7 43. a6 Ba8 {Time forfeit} 0-1

[Event "Rated Blitz game"]
[Site "?"]
[Date "2021.05.04"]
[Round "?"]
[White "puzzle_boi"]
[Black "GoughPhar"]
[Result "0-1"]
[WhiteElo "2388"]
[BlackElo "2400"]
[PlyCount "50"]
[EventDate "2021.??.??"]
[EventType "blitz"]

1. e4 e5 2. Nf3 d5 3. Nxe5 Bd6 4. d4 dxe4 5. Bc4 Bxe5 6. dxe5 Qxd1+ 7. Kxd1 Nc6
8. Re1 Bg4+ 9. Be2 O-O-O+ 10. Bd2 Nxe5 11. Nc3 f5 12. Kc1 Bxe2 13. Rxe2 Nf6 14.
h3 Nd5 15. Nxd5 Rxd5 16. Bf4 Rhd8 17. Re1 Ng6 18. Bh2 Nh4 19. c4 Rd2 20. Bg3
Nxg2 21. Rg1 f4 22. Bh2 f3 23. Bg3 e3 24. fxe3 Nxe3 25. Bf4 f2 {Normal} 0-1

[Event "Rated Blitz tournament UZTAiZvR"]
[Site "?"]
[Date "2021.05.04"]
[Round "?"]
[White "IgorSha"]
[Black "Lorian2514"]
[Result "0-1"]
[WhiteElo "2224"]
[BlackElo "2442"]
[PlyCount "42"]
[EventDate "2021.??.??"]
[EventType "blitz"]

1. e4 e5 2. Nf3 d5 3. Nxe5 Bd6 4. d4 dxe4 5. Nc3 Nf6 6. Bg5 Bf5 7. Nd5 O-O 8.
Nxf6+ gxf6 9. Bh6 fxe5 10. Bxf8 Qxf8 11. dxe5 Bxe5 12. Qd5 Nc6 13. Bb5 Rd8 14.
Qc4 Bxb2 15. Rd1 Rxd1+ 16. Kxd1 Qd6+ 17. Ke2 Ne5 18. Qb3 Bg4+ 19. f3 exf3+ 20.
Kf2 Bd4+ 21. Kg3 Ng6+ {Normal} 0-1

[Event "Rated Blitz game"]
[Site "?"]
[Date "2021.05.04"]
[Round "?"]
[White "peppie23"]
[Black "Schachelite"]
[Result "1-0"]
[WhiteElo "2473"]
[BlackElo "2411"]
[PlyCount "99"]
[EventDate "2021.??.??"]
[EventType "blitz"]

1. e4 e5 2. Nf3 d5 3. exd5 e4 4. Qe2 Nf6 5. d3 Qxd5 6. Nc3 Bb4 7. Nd2 Bxc3 8.
bxc3 Bf5 9. f3 Qe5 10. Bb2 Nc6 11. fxe4 Bg4 12. Nf3 Qb5 13. O-O-O O-O-O 14. h3
Be6 15. c4 Qa4 16. a3 Rd7 17. Qe1 Rhd8 18. Be2 h6 19. Qc3 Nh5 20. Rhe1 Ng3 21.
Bf1 Nxf1 22. Rxf1 Nd4 23. Nxd4 Rxd4 24. Qb4 Qxb4 25. axb4 R4d7 26. Bxg7 Rg8 27.
Bxh6 Rxg2 28. h4 b6 29. Rg1 Rh2 30. Rh1 Rf2 31. Rdf1 Rg2 32. Bf4 a5 33. bxa5
bxa5 34. Rh2 Rxh2 35. Bxh2 a4 36. Kb2 Rd8 37. Ra1 Rh8 38. Bg3 Bd7 39. Ka3 Rg8
40. Bf4 f6 41. h5 Rg4 42. Rf1 Rh4 43. h6 Kb7 44. Bc1 Rh2 45. Kb2 a3+ 46. Kxa3
Rxc2 47. Rh1 Rc3+ 48. Kb4 Rxd3 49. h7 Kb6 50. c5+ {Time forfeit} 1-0

[Event "Rated Blitz tournament uFLUrkeU"]
[Site "?"]
[Date "2021.05.04"]
[Round "?"]
[White "Nofrepet"]
[Black "Razario90"]
[Result "0-1"]
[WhiteElo "2456"]
[BlackElo "2424"]
[PlyCount "124"]
[EventDate "2021.??.??"]
[EventType "blitz"]

1. e4 e5 2. Nf3 d5 3. exd5 e4 4. Qe2 Nf6 5. d3 Qxd5 6. Nbd2 Bf5 7. Nh4 Be7 8.
Nxf5 Qxf5 9. Nxe4 O-O 10. Bd2 Nc6 11. Bc3 Rfe8 12. g3 Nd5 13. Bg2 Qg6 14. O-O
f5 15. Nd2 Nxc3 16. bxc3 Bf6 17. Qd1 Bxc3 18. Rb1 Rab8 19. Nc4 Bd4 20. Rb3 Kh8
21. c3 Bf6 22. d4 f4 23. Rxb7 Rxb7 24. Bxc6 Rbb8 25. Bxe8 Rxe8 26. Re1 h6 27.
Rxe8+ Qxe8 28. Qd3 Qe1+ 29. Kg2 fxg3 30. hxg3 Qe6 31. a3 Qd5+ 32. Kg1 Be7 33.
Ne3 Qf3 34. c4 Bg5 35. d5 Bxe3 36. Qxe3 Qd1+ 37. Kg2 Qc2 38. Qe8+ Kh7 39. Qc6
Qe4+ 40. Kg1 Qe1+ 41. Kg2 Qe4+ 42. Kh2 Qf3 43. Kg1 Qd1+ 44. Kg2 Qd3 45. Qc5
Qe4+ 46. Kg1 Qe5 47. Qe3 Qd6 48. Qe4+ Kg8 49. Qd4 Qe7 50. c5 Qe1+ 51. Kg2 Qe7
52. d6 cxd6 53. cxd6 Qd7 54. Qd5+ Kf8 55. Qe5 Qe8 56. Qd5 Qf7 57. Qc6 Qe8 58.
d7 Qd8 59. Qc8 Ke7 60. Qc6 Qxd7 61. Qc5+ Qd6 62. Qxa7+ Qd7 {Time forfeit} 0-1

[Event "ZN-04286"]
[Site "LSS"]
[Date "2021.05.04"]
[Round "?"]
[White "Plastinin, Alexandr"]
[Black "Newton, Daryl"]
[Result "1-0"]
[WhiteElo "853"]
[BlackElo "255"]
[PlyCount "49"]
[EventDate "2021.04.01"]

1. e4 e5 2. Nf3 d5 3. Nxe5 Qf6 4. d4 dxe4 5. Bc4 Bb4+ 6. c3 Be6 7. Bxe6 Qxe6 8.
cxb4 Nc6 9. O-O Nxb4 10. Nc3 Nh6 11. Nxe4 O-O 12. Nc5 Qd5 13. Bxh6 f6 14. Bxg7
Kxg7 15. Qg4+ Kh8 16. Ned7 Rf7 17. Rad1 Rg8 18. Qh3 f5 19. Rfe1 Rfg7 20. g3
Qxa2 21. Nf6 Rf8 22. Ncd7 Rff7 23. Re8+ Rf8 24. Rxf8+ Rg8 25. Qxh7# 1-0

[Event "Rated Blitz game"]
[Site "?"]
[Date "2021.05.04"]
[Round "?"]
[White "xamax2000"]
[Black "AsianLion"]
[Result "0-1"]
[WhiteElo "2760"]
[BlackElo "2692"]
[PlyCount "114"]
[EventDate "2021.??.??"]
[EventType "blitz"]

1. e4 e5 2. Nf3 d5 3. exd5 Bd6 4. d4 e4 5. Ne5 Nf6 6. Nc3 O-O 7. Bf4 Nbd7 8.
Qd2 Nb6 9. Bg3 Nfxd5 10. Nxd5 Nxd5 11. O-O-O a5 12. Kb1 Bf5 13. Bc4 c6 14. h4
Nb4 15. a3 e3 16. fxe3 Bxc2+ 17. Ka1 Be4 18. Rhf1 Bxe5 19. Bxe5 b5 20. Bb3 Bd5
21. Qc3 Qxh4 22. Rh1 Qe4 23. Rh3 a4 24. Bxd5 Nxd5 25. Qd3 Qxd3 26. Rxd3 f6 27.
Bd6 Rfe8 28. Bc5 Re4 29. Bb4 Rae8 30. Bd2 Rg4 31. g3 Rge4 32. Rh1 Nxe3 33. Bxe3
Rxe3 34. Rxe3 Rxe3 35. Rc1 Rxg3 36. Rxc6 h5 37. Rc8+ Kh7 38. Rc7 h4 39. Rc5 Rg5
40. Rc3 Rh5 41. Rh3 g5 42. Kb1 g4 43. Rh1 h3 44. Rf1 g3 45. Rxf6 g2 46. Rf7+
Kg6 47. Rc7 g1=Q+ 48. Ka2 Qxd4 49. Rc6+ Kf7 50. Rc7+ Ke6 51. Rc3 Qd5+ 52. Kb1
h2 53. Re3+ Kd6 54. Re1 h1=Q 55. Rc1 Qd3+ 56. Ka2 Qxc1 57. b3 Qcb1# {Normal}
0-1

[Event "Rated Blitz tournament gR7NBSIk"]
[Site "?"]
[Date "2021.05.04"]
[Round "?"]
[White "platAB"]
[Black "om_gendut"]
[Result "0-1"]
[WhiteElo "2243"]
[BlackElo "2451"]
[PlyCount "40"]
[EventDate "2021.??.??"]
[EventType "blitz"]

1. e4 e5 2. Nf3 d5 3. exd5 e4 4. Qe2 Be7 5. Qxe4 Nf6 6. Qa4+ Nbd7 7. c4 O-O 8.
Nc3 a6 9. Be2 b5 10. cxb5 Nb6 11. Qc2 Nbxd5 12. O-O axb5 13. Nxb5 Bb7 14. Nbd4
Nf4 15. Re1 Nxg2 16. Kxg2 Qxd4 17. Qxc7 Qg4+ 18. Qg3 Qf5 19. d3 Rfd8 20. Qe5
Qxe5 {Normal} 0-1

[Event "Rated Blitz tournament KJELyVzD"]
[Site "?"]
[Date "2021.05.04"]
[Round "?"]
[White "TedIanMontoyo"]
[Black "kalomBayan"]
[Result "1-0"]
[WhiteElo "2489"]
[BlackElo "2248"]
[PlyCount "95"]
[EventDate "2021.??.??"]
[EventType "blitz"]

1. e4 e5 2. Nf3 d5 3. d4 dxe4 4. Nxe5 Be6 5. Nc3 Nf6 6. Bg5 Nbd7 7. Nxd7 Bxd7
8. Bxf6 Qxf6 9. Nxe4 Qe6 10. Qe2 Be7 11. Nc3 Qb6 12. O-O-O c6 13. d5 Kf8 14. d6
Bf6 15. Na4 Qb4 16. Qc4 Qxc4 17. Bxc4 Rd8 18. Nc5 b6 19. Ne4 Bf5 20. Nxf6 gxf6
21. Rhe1 Re8 22. f3 Bd7 23. Rxe8+ Kxe8 24. Re1+ Kd8 25. Bxf7 Rf8 26. Re7 a5 27.
Kd2 Bf5 28. c3 Bg6 29. Be6 Re8 30. Rxe8+ Kxe8 31. Ke3 Bf7 32. Bxf7+ Kxf7 33.
Kf4 Ke6 34. g4 c5 35. c4 a4 36. b3 a3 37. h4 h6 38. g5 fxg5+ 39. hxg5 h5 40. g6
Kxd6 41. g7 Ke6 42. g8=Q+ Kf6 43. Qh7 b5 44. Qh6+ Ke7 45. Ke5 bxc4 46. Qg7+ Kd8
47. Kd6 Kc8 48. Qc7# {Normal} 1-0

[Event "Rated Blitz game"]
[Site "?"]
[Date "2021.05.04"]
[Round "?"]
[White "B_nn_t"]
[Black "Sinrah-Tensei"]
[Result "1-0"]
[WhiteElo "2418"]
[BlackElo "2436"]
[PlyCount "47"]
[EventDate "2021.??.??"]
[EventType "blitz"]

1. e4 e5 2. Nf3 d5 3. Nc3 Bd6 4. Nxd5 Ne7 5. Bc4 Nxd5 6. Bxd5 Nc6 7. O-O O-O 8.
d3 Kh8 9. Ng5 Qe7 10. Qh5 h6 11. Nxf7+ Kh7 12. Bxh6 g6 13. Bxf8+ gxh5 14. Bxe7
Nxe7 15. Nxd6 cxd6 16. f4 Nxd5 17. exd5 exf4 18. Rxf4 Kg6 19. Raf1 Bd7 20. Rf6+
Kg5 21. R1f4 h4 22. g3 hxg3 23. hxg3 Rh8 24. Rf7 {Normal} 1-0

[Event "Rated Blitz game"]
[Site "?"]
[Date "2021.05.04"]
[Round "?"]
[White "Shaginyan_A"]
[Black "pasha1984"]
[Result "1-0"]
[WhiteElo "2459"]
[BlackElo "2366"]
[PlyCount "92"]
[EventDate "2021.??.??"]
[EventType "blitz"]

1. e4 e5 2. Nf3 d5 3. Bc4 dxc4 4. Nxe5 Be6 5. d4 cxd3 6. cxd3 Nd7 7. Nf3 Bb4+
8. Nc3 Ngf6 9. O-O O-O 10. Bg5 h6 11. Bh4 Be7 12. d4 Nxe4 13. Bxe7 Nxc3 14.
Bxd8 Nxd1 15. Be7 Nxb2 16. Bxf8 Rxf8 17. Rfb1 Na4 18. Rxb7 Ra8 19. Rxc7 Nab6
20. a3 Nd5 21. Rb7 Nf4 22. h3 Nb6 23. Rc1 Bd5 24. Re7 Bxf3 25. gxf3 Nxh3+ 26.
Kf1 Nd5 27. Rd7 Nhf4 28. Rb1 Nf6 29. Rdb7 a5 30. Rb8+ Rxb8 31. Rxb8+ Kh7 32.
Ra8 Ne6 33. Rxa5 Nxd4 34. Ra7 Kg6 35. a4 Nxf3 36. a5 Nd5 37. Rd7 Nb4 38. Rb7
Nd2+ 39. Ke2 Nc4 40. Rxb4 Nxa5 41. Rb6+ f6 42. Kd3 h5 43. Kc3 Kg5 44. Rb5+ f5
45. Rxa5 Kf4 46. Kd2 Kf3 {Normal} 1-0

[Event "Rated Blitz game"]
[Site "?"]
[Date "2021.05.04"]
[Round "?"]
[White "lau_ocs"]
[Black "GoughPhar"]
[Result "1-0"]
[WhiteElo "2481"]
[BlackElo "2428"]
[PlyCount "99"]
[EventDate "2021.??.??"]
[EventType "blitz"]

1. e4 e5 2. Nf3 d5 3. Nxe5 Bd6 4. d4 dxe4 5. Nc4 Nf6 6. Be2 Nc6 7. Be3 Bf5 8.
h3 h5 9. Nc3 Qe7 10. a3 O-O-O 11. Qd2 Bc5 12. d5 Bxe3 13. Nxe3 Bg6 14. O-O-O
Ne5 15. Qd4 Kb8 16. Nb5 b6 17. Qa4 a5 18. Nc3 Qc5 19. Rd4 Kb7 20. Rhd1 Rd6 21.
Bb5 Rhd8 22. Kb1 Ng8 23. Ne2 Ne7 24. Nf4 Nf5 25. Nxf5 Bxf5 26. b4 axb4 27. axb4
Qc3 28. Ne2 Ra8 29. Nxc3 Rxa4 30. Bxa4 g5 31. Nxe4 Bxe4 32. Rxe4 f6 33. Red4 g4
34. Bc6+ Nxc6 35. dxc6+ Rxc6 36. hxg4 hxg4 37. Rxg4 Re6 38. Rf4 Re2 39. Kb2 Re6
40. Rd3 c5 41. Rdf3 cxb4 42. Rxb4 Ka6 43. Rbf4 Ka5 44. Rxf6 Re2 45. R6f5+ b5
46. g4 Ka4 47. g5 b4 48. g6 Rxf2 49. Rxf2 b3 50. R2f4# {Normal} 1-0

[Event "Rated Blitz game"]
[Site "?"]
[Date "2021.05.04"]
[Round "?"]
[White "Udemzo"]
[Black "Schachelite"]
[Result "1/2-1/2"]
[WhiteElo "2389"]
[BlackElo "2412"]
[PlyCount "78"]
[EventDate "2021.??.??"]
[EventType "blitz"]

1. e4 e5 2. Nf3 d5 3. Nxe5 Bd6 4. d4 dxe4 5. Nd2 Nf6 6. Bc4 O-O 7. c3 c5 8. O-O
cxd4 9. cxd4 Qe7 10. Re1 Bxe5 11. dxe5 Qxe5 12. h3 Nc6 13. a3 Bf5 14. Nf1 Rad8
15. Qa4 a6 16. Be2 Rfe8 17. Be3 Nd5 18. Bd2 Bg6 19. Rac1 Nd4 20. Bd1 h6 21. Rc5
Ne6 22. Rc1 Ndf4 23. Bc2 Qg5 24. Bxf4 Nxf4 25. Ng3 e3 26. Bxg6 exf2+ 27. Kxf2
Rd2+ 28. Kf1 Rxe1+ 29. Kxe1 Nxg2+ 30. Kf1 Qxg6 31. Rc8+ Kh7 32. Qe4 Qxe4 33.
Nxe4 Rxb2 34. Nc5 Nf4 35. Nd7 Nxh3 36. Nf8+ Kg8 37. Nd7+ Kh7 38. Nf8+ Kg8 39.
Nd7+ Kh7 {Normal} 1/2-1/2

[Event "Rated Blitz game"]
[Site "?"]
[Date "2021.05.04"]
[Round "?"]
[White "HosenbundLarry"]
[Black "GrandeGila"]
[Result "0-1"]
[WhiteElo "2326"]
[BlackElo "2446"]
[PlyCount "40"]
[EventDate "2021.??.??"]
[EventType "blitz"]

1. e4 e5 2. Nf3 d5 3. Nxe5 Bd6 4. d4 dxe4 5. Bc4 Bxe5 6. Bxf7+ Kxf7 7. Qh5+ g6
8. Qxe5 Nf6 9. Bg5 Re8 10. Bxf6 Qxf6 11. Qxc7+ Kg8 12. O-O Qxd4 13. Nc3 Nc6 14.
Rad1 Qb4 15. Nd5 Qxb2 16. c3 Rf8 17. f3 exf3 18. Rxf3 Bg4 19. Rxf8+ Rxf8 20.
Re1 Qf2+ {Normal} 0-1

[Event "Rated Blitz game"]
[Site "?"]
[Date "2021.05.04"]
[Round "?"]
[White "S_Guliev"]
[Black "Slimslik02"]
[Result "1-0"]
[WhiteElo "2442"]
[BlackElo "2357"]
[PlyCount "103"]
[EventDate "2021.??.??"]
[EventType "blitz"]

1. e4 e5 2. Nf3 d5 3. Nxe5 Bd6 4. d4 dxe4 5. Be2 Bxe5 6. dxe5 Qxd1+ 7. Bxd1 Nc6
8. Nc3 Bf5 9. Bf4 Nge7 10. Bg3 h5 11. h4 Ng6 12. O-O O-O-O 13. Re1 Rd4 14. a3
Re8 15. Bxh5 Rd2 16. Rac1 Nd4 17. Nxe4 Rxc2 18. Ng5 Rh8 19. Rxc2 Nxc2 20. Bxg6
Bxg6 21. Rc1 Nd4 22. Rc4 Rd8 23. e6 Ne2+ 24. Kh2 Nxg3 25. Kxg3 f6 26. Nf3 b6
27. Rg4 Bf5 28. Rxg7 Bxe6 29. h5 Rg8 30. Rxg8+ Bxg8 31. h6 Bh7 32. Kf4 Kd7 33.
Nd4 c5 34. Nf5 Ke6 35. g4 b5 36. f3 a5 37. Ne3 b4 38. g5 fxg5+ 39. Kxg5 Ke5 40.
Nc4+ Kd4 41. Nxa5 bxa3 42. bxa3 Ke5 43. f4+ Kd5 44. f5 Ke5 45. f6 Ke6 46. a4
Bd3 47. Nb3 Kf7 48. Nxc5 Bc2 49. a5 Bd1 50. a6 Bf3 51. a7 Bd5 52. h7 {Normal}
1-0

[Event "Rated Blitz tournament UZTAiZvR"]
[Site "?"]
[Date "2021.05.04"]
[Round "?"]
[White "Zdorovan"]
[Black "Lorian2514"]
[Result "1-0"]
[WhiteElo "2396"]
[BlackElo "2442"]
[PlyCount "69"]
[EventDate "2021.??.??"]
[EventType "blitz"]

1. e4 e5 2. Nf3 d5 3. exd5 e4 4. Qe2 Qe7 5. Nd4 Qe5 6. Nb3 Nd7 7. c4 a5 8. a4
Ngf6 9. Nc3 Bb4 10. h3 O-O 11. g4 c6 12. dxc6 bxc6 13. Bg2 Re8 14. O-O Ba6 15.
Re1 Bxc3 16. dxc3 h6 17. Be3 c5 18. Nxa5 Re6 19. b4 Qxc3 20. Bd2 Qe5 21. b5 Bc8
22. Nc6 Qc7 23. a5 Bb7 24. a6 Bxc6 25. Ba5 Qc8 26. Red1 Ra7 27. bxc6 Qxc6 28.
Bc3 Rxa6 29. Rxa6 Qxa6 30. h4 Ne5 31. g5 hxg5 32. hxg5 Nfg4 33. Qxe4 Qxc4 34.
Rd8+ Re8 35. Rxe8# {Normal} 1-0

[Event "Rated Blitz game"]
[Site "?"]
[Date "2021.05.04"]
[Round "?"]
[White "cihanakif"]
[Black "anjaya01"]
[Result "1-0"]
[WhiteElo "2387"]
[BlackElo "2418"]
[PlyCount "133"]
[EventDate "2021.??.??"]
[EventType "blitz"]

1. e4 e5 2. Nf3 d5 3. Nxe5 Bd6 4. d4 dxe4 5. Bc4 Bxe5 6. Qh5 Qxd4 7. Qxf7+ Kd8
8. Bg5+ Bf6 9. Nc3 Bxg5 10. Rd1 Qxd1+ 11. Kxd1 Bg4+ 12. f3 exf3 13. gxf3 Nh6
14. Qd5+ Kc8 15. Qxg5 Bxf3+ 16. Kc1 Bxh1 17. Be6+ Nd7 18. Bxd7+ Kxd7 19. Qxg7+
Ke6 20. Qxh6+ Kf7 21. Qh5+ Kg7 22. Qe5+ Kf7 23. Qxc7+ Kg6 24. Qg3+ Kh6 25. Qe3+
Kh5 26. Qe2+ Kh4 27. Qf2+ Kh5 28. Ne2 Bc6 29. Qf5+ Kh4 30. Qf4+ Kh5 31. Ng3+
Kg6 32. Qf5+ Kg7 33. Nh5+ Kh6 34. h4 Rhg8 35. Nf4 Rg1+ 36. Kd2 Rd8+ 37. Kc3
Rg3+ 38. Kc4 b5+ 39. Kc5 Rg6 40. Nxg6 hxg6 41. Qg5+ Kg7 42. Qxd8 Be4 43. Qc7+
Kh6 44. Qxa7 Bxc2 45. Qe7 Bf5 46. Kd6 Kh5 47. Ke5 Kg4 48. Kf6 Kf3 49. Kg5 Bb1
50. h5 gxh5 51. Kxh5 Kf2 52. Qb4 Kf3 53. Qxb5 Kf2 54. a4 Kf3 55. Qb4 Bd3 56.
Kg5 Be2 57. a5 Kf2 58. Qb6+ Kf1 59. b4 Ba6 60. b5 Bxb5 61. Qxb5+ Kf2 62. a6 Ke1
63. a7 Kf2 64. a8=Q Ke1 65. Qe4+ Kf2 66. Qbe2+ Kg1 67. Q4g2# {Normal} 1-0

[Event "Rated Blitz game"]
[Site "?"]
[Date "2021.05.04"]
[Round "?"]
[White "ArnieChipmunk"]
[Black "eslamimahdi"]
[Result "1-0"]
[WhiteElo "2421"]
[BlackElo "2322"]
[PlyCount "103"]
[EventDate "2021.??.??"]
[EventType "blitz"]

1. e4 e5 2. Nf3 d5 3. exd5 e4 4. Qe2 Nf6 5. Nc3 Be7 6. Nxe4 O-O 7. d3 Re8 8.
Bg5 Nxe4 9. Bxe7 Qxe7 10. dxe4 Qb4+ 11. c3 Qxe4 12. Qxe4 Rxe4+ 13. Kd2 Nd7 14.
Bd3 Re8 15. Rae1 Nf6 16. Rxe8+ Nxe8 17. Re1 Bd7 18. c4 Nf6 19. Ne5 Rd8 20. Nxd7
Nxd7 21. b4 b6 22. f4 Nf6 23. Kc3 g6 24. g3 Kf8 25. Bf1 Rd6 26. Bg2 a6 27. Re5
Ng4 28. Re2 Nxh2 29. c5 bxc5 30. bxc5 Rd8 31. Rb2 Ng4 32. Rb7 Ne3 33. Be4 Nxd5+
34. Bxd5 Rxd5 35. Rxc7 Ke8 36. Kc4 Rd7 37. Rc8+ Rd8 38. Rc6 Ra8 39. Rc7 Rd8 40.
c6 h6 41. Kc5 Rd2 42. a4 g5 43. fxg5 hxg5 44. Ra7 f5 45. Ra8+ Ke7 46. c7 Rc2+
47. Kb6 Kd7 48. Rd8+ Ke7 49. c8=Q Rxc8 50. Rxc8 f4 51. gxf4 gxf4 52. Rc4 {
Normal} 1-0

[Event "Rated Blitz tournament KJELyVzD"]
[Site "?"]
[Date "2021.05.04"]
[Round "?"]
[White "swimmerchess"]
[Black "octo_dami"]
[Result "1-0"]
[WhiteElo "2747"]
[BlackElo "2345"]
[PlyCount "51"]
[EventDate "2021.??.??"]
[EventType "blitz"]

1. e4 e5 2. Nf3 d5 3. exd5 e4 4. Qe2 Nf6 5. d3 Bb4+ 6. c3 O-O 7. dxe4 Bc5 8.
Bg5 Re8 9. Nbd2 Bg4 10. O-O-O h6 11. Bh4 Nbd7 12. Qd3 Bxf3 13. gxf3 Ne5 14. Qc2
a5 15. Rg1 Kh8 16. Bg3 Ng6 17. Bb5 c6 18. dxc6 bxc6 19. Bxc6 Qb6 20. Bxa8 Rxa8
21. Nc4 Qa6 22. Ne5 Nxe5 23. Bxe5 a4 24. Bd4 Qb5 25. e5 Nd5 26. c4 {Normal} 1-0

[Event "Rated Blitz game"]
[Site "?"]
[Date "2021.05.04"]
[Round "?"]
[White "levmiseri"]
[Black "jflup"]
[Result "1-0"]
[WhiteElo "2271"]
[BlackElo "2431"]
[PlyCount "26"]
[EventDate "2021.??.??"]
[EventType "blitz"]

1. e4 e5 2. Nf3 d5 3. d4 dxe4 4. Nxe5 Nd7 5. f4 Nxe5 6. fxe5 c5 7. d5 Be7 8.
Nc3 Bf5 9. Bb5+ Kf8 10. O-O Bg6 11. d6 Bg5 12. Qd5 Bxc1 13. Raxc1 Nh6 {Normal}
1-0

[Event "Rated Blitz game"]
[Site "?"]
[Date "2021.05.04"]
[Round "?"]
[White "S_Guliev"]
[Black "Slimslik02"]
[Result "1/2-1/2"]
[WhiteElo "2451"]
[BlackElo "2349"]
[PlyCount "60"]
[EventDate "2021.??.??"]
[EventType "blitz"]

1. e4 e5 2. Nf3 d5 3. Nxe5 Bd6 4. d4 dxe4 5. Be2 Bxe5 6. dxe5 Qxd1+ 7. Bxd1 Ne7
8. Nc3 Bf5 9. g4 Bg6 10. h4 h5 11. gxh5 Bxh5 12. Nxe4 Bxd1 13. Kxd1 Nbc6 14. f4
O-O-O+ 15. Bd2 Nd4 16. Rh3 Nef5 17. c3 Ne6 18. Kc2 Rxh4 19. Rxh4 Nxh4 20. Rf1
Nf5 21. b4 Rh8 22. Rf2 Rh3 23. a4 b6 24. b5 Kb7 25. Ng5 Nxg5 26. fxg5 g6 27.
Re2 Ng7 28. Rf2 Nf5 29. Re2 Ng7 30. Rf2 Nf5 {Normal} 1/2-1/2

[Event "Rated Rapid game"]
[Site "?"]
[Date "2021.05.04"]
[Round "?"]
[White "Soshe"]
[Black "Delyvj"]
[Result "1/2-1/2"]
[WhiteElo "2260"]
[BlackElo "2400"]
[PlyCount "96"]
[EventDate "2021.??.??"]
[EventType "rapid"]

1. e4 e5 2. Nf3 d5 3. Nxe5 dxe4 4. d4 exd3 5. Qxd3 Qxd3 6. Bxd3 Be6 7. O-O Bd6
8. Re1 Nd7 9. Nxd7 Kxd7 10. Nc3 Nf6 11. Ne4 Nxe4 12. Bxe4 c6 13. Be3 Kc7 14. b3
a5 15. c4 Be5 16. Rad1 Rad8 17. Bf3 f6 18. Kf1 g5 19. g3 h6 20. Rxd8 Rxd8 21.
Rd1 Rxd1+ 22. Bxd1 b6 23. h4 c5 24. hxg5 hxg5 25. f4 gxf4 26. Bxf4 Bxf4 27.
gxf4 Bf5 28. Kf2 Kd6 29. Ke3 Bd7 30. Bc2 b5 31. cxb5 Bxb5 32. Bd3 Bxd3 33. Kxd3
Kd5 34. Ke3 c4 35. bxc4+ Kxc4 36. Ke4 a4 37. Kf5 a3 38. Kxf6 Kc3 39. Ke7 Kb2
40. f5 Kxa2 41. f6 Kb3 42. f7 a2 43. f8=Q a1=Q 44. Qb8+ Kc4 45. Qc7+ Kd5 46.
Qd6+ Ke4 47. Qe6+ Qe5 48. Qxe5+ Kxe5 {Normal} 1/2-1/2

[Event "Rated Blitz game"]
[Site "?"]
[Date "2021.05.04"]
[Round "?"]
[White "Horde_Slayer1"]
[Black "GrandeGila"]
[Result "0-1"]
[WhiteElo "2305"]
[BlackElo "2463"]
[PlyCount "133"]
[EventDate "2021.??.??"]
[EventType "blitz"]

1. e4 e5 2. Nf3 d5 3. exd5 e4 4. Ne5 Qxd5 5. d4 exd3 6. Nxd3 Bf5 7. Nc3 Qe6+ 8.
Be3 Nc6 9. Be2 O-O-O 10. O-O Bd6 11. Bf3 Ne5 12. Nxe5 Qxe5 13. g3 Bc5 14. Qe2
Bxe3 15. fxe3 Nf6 16. Rad1 Kb8 17. Rd4 Rxd4 18. exd4 Qxd4+ 19. Kg2 Qd7 20. Rd1
Bh3+ 21. Kf2 Qe6 22. Qb5 c6 23. Qd3 Re8 24. Na4 Ng4+ 25. Bxg4 Bxg4 26. Rd2 Bh3
27. Qd6+ Qxd6 28. Rxd6 Kc7 29. Rd2 b6 30. Nc3 Bf5 31. Ne2 Be4 32. c3 Re6 33.
Nf4 Rf6 34. Ke3 Bb1 35. a3 g5 36. Ne2 h5 37. h4 gxh4 38. gxh4 Rg6 39. Nf4 Rg3+
40. Kf2 Rg4 41. Nxh5 Rxh4 42. Ng3 Rh2+ 43. Ke3 Rxd2 44. Kxd2 Kd6 45. Ke3 Ke5
46. Ne2 c5 47. Nf4 f6 48. b4 Kd6 49. Ne2 Kd5 50. Kd2 Kc4 51. Nc1 f5 52. bxc5
bxc5 53. a4 a6 54. a5 Kb5 55. Nb3 Ba2 56. Nc1 Bc4 57. Ke3 Kxa5 58. Kf4 Be6 59.
Ke5 Bc8 60. Nd3 Kb5 61. Kd5 Bb7+ 62. Kd6 Be4 63. Nxc5 a5 64. Ne6 Kc4 65. Nd4
Kxc3 66. Nb5+ Kb4 67. Nd4 {Normal} 0-1

[Event "Rated Blitz game"]
[Site "?"]
[Date "2021.05.04"]
[Round "?"]
[White "Alfaray03"]
[Black "anjaya01"]
[Result "1-0"]
[WhiteElo "2366"]
[BlackElo "2407"]
[PlyCount "101"]
[EventDate "2021.??.??"]
[EventType "blitz"]

1. e4 e5 2. Nf3 d5 3. exd5 Bd6 4. Nc3 f5 5. d4 e4 6. Ne5 Nf6 7. Nc4 O-O 8. Nxd6
cxd6 9. a3 Nbd7 10. Bc4 a6 11. Bb3 b5 12. Bg5 h6 13. Bf4 Nb6 14. h4 Bb7 15. Qd2
Kh7 16. O-O-O Qd7 17. Rh3 Rfc8 18. f3 a5 19. fxe4 fxe4 20. Qe2 Ba6 21. Nxe4
Nxe4 22. Qxe4+ Kh8 23. c3 Re8 24. Qg6 Re2 25. Bc2 Rxc2+ 26. Qxc2 b4 27. axb4
axb4 28. Re1 Bc4 29. b3 bxc3 30. Rxc3 Bxd5 31. Bxh6 Qg4 32. Rc7 Ra1+ 33. Kb2
Qxd4+ 34. Qc3 Na4+ 35. bxa4 Ra2+ 36. Kb1 Be4+ 37. Kc1 Rc2+ 38. Qxc2 Bxc2 39.
Rxc2 gxh6 40. g3 Kg7 41. a5 Qa1+ 42. Kd2 Qxa5+ 43. Ke2 Qe5+ 44. Kd2 Qd4+ 45.
Kc1 Kf6 46. Ree2 Kf5 47. Rf2+ Kg4 48. Rfe2 Kxg3 49. Rcd2 Qf4 50. Kc2 Kxh4 51.
Rd3 {Time forfeit} 1-0

[Event "Rated Blitz game"]
[Site "?"]
[Date "2021.05.04"]
[Round "?"]
[White "AL-z4hr4wi"]
[Black "amieyy"]
[Result "1-0"]
[WhiteElo "2473"]
[BlackElo "2271"]
[PlyCount "63"]
[EventDate "2021.??.??"]
[EventType "blitz"]

1. e4 e5 2. Nf3 d5 3. exd5 e4 4. Bb5+ c6 5. dxc6 bxc6 6. Qe2 Nf6 7. Bc4 Be7 8.
Ng5 O-O 9. Nxe4 Nxe4 10. Qxe4 Bd6 11. O-O Re8 12. Qf3 Bxh2+ 13. Kxh2 Qh4+ 14.
Kg1 Qxc4 15. Nc3 Bg4 16. Qg3 Na6 17. d3 Qe6 18. a3 h5 19. Ne4 Qg6 20. b4 Rad8
21. Be3 Rxe4 22. dxe4 Qxe4 23. Rfe1 Qxc2 24. Bxa7 Qa4 25. Be3 Rd3 26. Qf4 Be6
27. Bc5 Nxc5 28. Qb8+ Kh7 29. bxc5 Qg4 30. Qb1 Bf5 31. Qb4 Qg6 32. a4 {Time
forfeit} 1-0